000 004210000a22001810004500
003 MACL
005 20160131124558.0
008 160131b xxu||||| |||| 00| 0 eng d
040 _aMACL
_cmacl
041 _aEnglish
082 _a301
100 _aNCERT
_94590
245 _aUnderstanding Society
_bClass XI
260 _bNCERT
_c2010
_aNew Delhi
350 _a30
650 _aSociology
_936332
942 _cBK
_k301
_2ddc
999 _c45636
_d45636